[Event "2007 U.S. Masters Championship"]
[Site "Hendersonville, NC"]
[Date "2007.03.17"]
[Round "7"]
[White "Gulamali, Kazim"]
[Black "Ehlvest, Jaan"]
[Result "0-1"]
[WhiteElo "2397"]
[BlackElo "2675"]
[PlyCount "66"]
[EventDate "2007.03.10"]
[EventType "swiss"]
[EventRounds "9"]
[EventCountry "USA"]
[Source "Kevin Hyde"]
[SourceDate "2007.03.18"]

1. d4 Nf6 2. c4 e6 3. g3 Bb4+ 4. Bd2 Be7 5. Bg2 d5 6. Nf3 O-O 7. O-O c6 8. Qc2
b6 9. Bf4 Ba6 10. b3 Nbd7 11. Rd1 Rc8 12. Nc3 Re8 13. e4 dxc4 14. bxc4 Bxc4 15.
Nd2 Ba6 16. Qa4 Bd3 17. Qxa7 Bb4 18. Rac1 Ra8 19. Qb7 Ba3 20. Qxc6 Bxc1 21.
Rxc1 e5 22. dxe5 Re6 23. Qxa8 Qxa8 24. exf6 Qa3 25. Nb3 Nxf6 26. e5 g5 27. Bh3
gxf4 28. Bxe6 fxe6 29. exf6 Kf7 30. Rd1 Bc2 31. Nb5 Qxa2 32. Rd7+ Kxf6 33. N3d4
f3 0-1

[Event "2007 U.S. Masters Championship"]
[Site "Hendersonville, NC"]
[Date "2007.03.17"]
[Round "7"]
[White "Burnett, Ronald W"]
[Black "Aleskerov, Faik"]
[Result "1/2-1/2"]
[WhiteElo "2423"]
[BlackElo "2325"]
[PlyCount "56"]
[EventDate "2007.03.10"]
[EventType "swiss"]
[EventRounds "9"]
[EventCountry "USA"]
[Source "Kevin Hyde"]
[SourceDate "2007.03.18"]

1. Nf3 g6 2. e4 Bg7 3. d4 c6 4. c4 d5 5. cxd5 cxd5 6. e5 Bg4 7. Bb5+ Nc6 8.
Nbd2 e6 9. h3 Bxf3 10. Bxc6+ bxc6 11. Qxf3 c5 12. dxc5 Ne7 13. b4 Nc6 14. Rb1
O-O 15. O-O Nxe5 16. Qe2 d4 17. f4 Nc6 18. Qe4 Ne7 19. Bb2 Rb8 20. a3 a5 21.
Ba1 Qd5 22. Rfc1 axb4 23. axb4 Rb5 24. Qxd5 Nxd5 25. Rc4 Ne3 26. Rcc1 Nd5 27.
Rc4 Ne3 28. Rcc1 Nd5 1/2-1/2

[Event "2007 U.S. Masters Championship"]
[Site "Hendersonville, NC"]
[Date "2007.03.17"]
[Round "7"]
[White "Robson, Ray S"]
[Black "Jones, Craig W"]
[Result "1-0"]
[WhiteElo "2330"]
[BlackElo "2263"]
[PlyCount "57"]
[EventDate "2007.03.10"]
[EventType "swiss"]
[EventRounds "9"]
[EventCountry "USA"]
[Source "Kevin Hyde"]
[SourceDate "2007.03.18"]

1. e4 e6 2. d4 d5 3. Nd2 Nf6 4. e5 Nfd7 5. Bd3 c5 6. c3 Nc6 7. Ngf3 cxd4 8.
cxd4 Qb6 9. O-O Nxd4 10. Nxd4 Qxd4 11. Nf3 Qb6 12. Qe2 Nc5 13. Be3 Qd8 14. Bxh7
Rxh7 15. Bxc5 Bxc5 16. Qb5+ Bd7 17. Qxc5 g5 18. h3 Rc8 19. Qxa7 Rc4 20. Rfc1
Bc6 21. Nd4 Rxd4 22. Qxd4 Rh4 23. g4 Kd7 24. Rc3 Qh8 25. Kg2 f6 26. exf6 Rh6
27. Rxc6 Rxh3 28. Rc3 Rh2+ 29. Kf3 1-0

[Event "2007 U.S. Masters Championship"]
[Site "Hendersonville, NC"]
[Date "2007.03.17"]
[Round "7"]
[White "Simpson, Ronald"]
[Black "Fouts, Matthew"]
[Result "1-0"]
[WhiteElo "2316"]
[BlackElo "2043"]
[PlyCount "102"]
[EventDate "2007.03.10"]
[EventType "swiss"]
[EventRounds "9"]
[EventCountry "USA"]
[Source "Kevin Hyde"]
[SourceDate "2007.03.18"]

1. Nf3 d5 2. b3 c5 3. Bb2 Nc6 4. e3 a6 5. d4 Bf5 6. Bd3 Bxd3 7. Qxd3 Nb4 8. Qd2
Qc7 9. a3 Nc6 10. dxc5 Nf6 11. O-O e6 12. b4 Be7 13. c4 dxc4 14. Qc2 b5 15.
cxb6 Qxb6 16. Nbd2 O-O 17. Ng5 h6 18. Nxc4 Qc7 19. Bxf6 hxg5 20. Bxe7 Nxe7 21.
Rfc1 Rfc8 22. Qb2 Ng6 23. Qd4 Rab8 24. Rab1 Rb5 25. a4 Rd5 26. Qb2 Rcd8 27. h3
Nh4 28. Qe2 Qb7 29. Qg4 Qe7 30. Na5 Qf6 31. Nc6 R8d6 32. b5 axb5 33. axb5 Rd2
34. Qg3 Rb2 35. Nd4 Nf5 36. Nxf5 Rxb1 37. Nh6+ gxh6 38. Rxb1 Qf5 39. Rb3 Rb6
40. e4 Qxe4 41. Qd3 Qe1+ 42. Qf1 Qe5 43. Qb1 Qd5 44. g3 Qc5 45. Qd3 Rd6 46. Qb1
Rd2 47. Rf3 Qc4 48. Qa1 Qxb5 49. Qf6 Rd7 50. Rc3 Qa6 51. Rb3 Qd6 1-0

[Event "2007 U.S. Masters Championship"]
[Site "Hendersonville, NC"]
[Date "2007.03.17"]
[Round "7"]
[White "Panjwani, Raja D"]
[Black "Smith, Bryan G"]
[Result "0-1"]
[WhiteElo "2213"]
[BlackElo "2444"]
[PlyCount "80"]
[EventDate "2007.03.10"]
[EventType "swiss"]
[EventRounds "9"]
[EventCountry "USA"]
[Source "Kevin Hyde"]
[SourceDate "2007.03.18"]

1. e4 c5 2. Nf3 g6 3. d4 Bg7 4. d5 Nf6 5. Nc3 d6 6. Bb5+ Bd7 7. a4 O-O 8. h3
Na6 9. Bxa6 bxa6 10. O-O e6 11. Re1 exd5 12. exd5 Rb8 13. Bf4 Bf5 14. g4 Bc8
15. Nd2 Rxb2 16. Nc4 Rb4 17. Qd3 h5 18. Na2 Rxa4 19. Bxd6 Re8 20. Be5 Qxd5 21.
Bxf6 Rxe1+ 22. Rxe1 Qxd3 23. Re8+ Kh7 24. cxd3 Bxf6 25. Rxc8 Rxa2 26. Rc7 Bd4
27. Rxf7+ Kg8 28. Rxa7 hxg4 29. Kg2 Rxf2+ 30. Kg3 gxh3 31. Kxh3 Rf3+ 32. Kg4
Rxd3 33. Kg5 Rg3+ 34. Kh6 Rg4 35. Rb7 Bc3 36. Rb8+ Kf7 37. Rb7+ Ke6 38. Rb6+
Kd7 39. Rb7+ Kc6 40. Rb6+ Kc7 0-1

[Event "2007 U.S. Masters Championship"]
[Site "Hendersonville, NC"]
[Date "2007.03.17"]
[Round "7"]
[White "Cao, Tony"]
[Black "Nagle, Sean M"]
[Result "1-0"]
[WhiteElo "2173"]
[BlackElo "2432"]
[PlyCount "109"]
[EventDate "2007.03.10"]
[EventType "swiss"]
[EventRounds "9"]
[EventCountry "USA"]
[Source "Kevin Hyde"]
[SourceDate "2007.03.18"]

1. e4 c5 2. Nf3 d6 3. d4 cxd4 4. Nxd4 Nf6 5. Nc3 g6 6. Be3 a6 7. f3 b5 8. Qd2
Bb7 9. O-O-O Nbd7 10. g4 h6 11. Nb3 Rc8 12. Kb1 e6 13. Qf2 Rxc3 14. bxc3 Qc7
15. Bd3 d5 16. exd5 Nxd5 17. Bd4 e5 18. Rhe1 Be7 19. Be4 O-O 20. Bxd5 Bxd5 21.
Bxe5 Nxe5 22. Rxd5 Nc4 23. Qd4 Na3+ 24. Kb2 Nc4+ 25. Kb1 Na3+ 26. Kb2 Nc4+ 27.
Ka1 Qxh2 28. Nd2 Qh4 29. Rd1 Bf6 30. Qd3 Nxd2 31. Qxd2 Rc8 32. Kb1 Rxc3 33. Rd7
Rc4 34. a3 Qg5 35. Qxg5 Bxg5 36. R1d4 Rc8 37. R4d6 Rc3 38. Rd3 Rc4 39. R7d6 Ra4
40. R6d4 Ra5 41. Ka2 Be7 42. Rd7 Bf8 43. Kb2 Bg7+ 44. Ka2 Bf8 45. R7d4 b4 46.
Rd5 Ra4 47. R5d4 Ra5 48. Rd5 Ra4 49. c4 bxa3 50. Rc3 Rb4 51. c5 Rb5 52. Kxa3
Kg7 53. Ka2 Kf6 54. c6 Rxd5 55. c7 1-0

[Event "2007 U.S. Masters Championship"]
[Site "Hendersonville, NC"]
[Date "2007.03.17"]
[Round "7"]
[White "Andrews, Todd D"]
[Black "Haessel, Dale R"]
[Result "1-0"]
[WhiteElo "2366"]
[BlackElo "2162"]
[PlyCount "71"]
[EventDate "2007.03.10"]
[EventType "swiss"]
[EventRounds "9"]
[EventCountry "USA"]
[Source "Kevin Hyde"]
[SourceDate "2007.03.18"]

1. e4 c5 2. Nc3 d6 3. f4 Nc6 4. Nf3 g6 5. Bb5 Bd7 6. a4 Bg7 7. O-O e6 8. d3
Nge7 9. Kh1 O-O 10. Bc4 Nd4 11. Nxd4 cxd4 12. Ne2 d5 13. Bb3 dxe4 14. dxe4 Bc6
15. Ng3 Qd6 16. Qd3 h5 17. Ne2 Rad8 18. Bd2 Qc5 19. Be1 b5 20. Bh4 Rd7 21. Ng3
bxa4 22. Bxa4 Rc8 23. f5 Bxa4 24. Rxa4 exf5 25. exf5 Nd5 26. f6 Bh6 27. Qxd4
Qxc2 28. Qe4 Qxb2 29. Rd4 Rcd8 30. h3 Nb6 31. Rxd7 Rxd7 32. Qe8+ Kh7 33. Re1
Qb4 34. Re7 Rxe7 35. fxe7 Qe1+ 36. Kh2 1-0

[Event "2007 U.S. Masters Championship"]
[Site "Hendersonville, NC"]
[Date "2007.03.17"]
[Round "7"]
[White "Dana, Maurice"]
[Black "Pupols, Viktors"]
[Result "1/2-1/2"]
[WhiteElo "2205"]
[BlackElo "2240"]
[PlyCount "47"]
[EventDate "2007.03.10"]
[EventType "swiss"]
[EventRounds "9"]
[EventCountry "USA"]
[Source "Kevin Hyde"]
[SourceDate "2007.03.18"]

1. e4 c6 2. d4 d5 3. Nc3 dxe4 4. Nxe4 Nd7 5. Nf3 Ngf6 6. Bd3 Nxe4 7. Bxe4 Nf6
8. Bd3 Bf5 9. O-O Bxd3 10. Qxd3 e6 11. c4 Bd6 12. Bd2 O-O 13. Rad1 Qc7 14. Bc3
Rfd8 15. Rfe1 Rd7 16. d5 cxd5 17. cxd5 Nxd5 18. Ng5 Nf6 19. Qh3 h6 20. Nxe6
fxe6 21. Qxe6+ Kh7 22. Qf5+ Kg8 23. Qe6+ Kh7 24. Qf5+ 1/2-1/2

[Event "2007 U.S. Masters Championship"]
[Site "Hendersonville, NC"]
[Date "2007.03.17"]
[Round "7"]
[White "Wheeler, Jerry T"]
[Black "Potter, John Russell"]
[Result "0-1"]
[WhiteElo "2200"]
[BlackElo "2233"]
[PlyCount "86"]
[EventDate "2007.03.10"]
[EventType "swiss"]
[EventRounds "9"]
[EventCountry "USA"]
[Source "Kevin Hyde"]
[SourceDate "2007.03.18"]

1. Nf3 d5 2. d4 Nf6 3. c4 e6 4. Nc3 Be7 5. Bg5 O-O 6. e3 Nbd7 7. Qc2 c5 8. dxc5
Nxc5 9. Rd1 Qa5 10. Nd2 a6 11. a3 Nce4 12. Bxf6 Bxf6 13. Ncxe4 dxe4 14. Be2 Bd7
15. O-O Bc6 16. b4 Qxa3 17. b5 axb5 18. cxb5 Bd5 19. Nxe4 Bb3 20. Nxf6+ gxf6
21. Qe4 Bxd1 22. Rxd1 Rfd8 23. Rxd8+ Rxd8 24. g3 Rd5 25. Qf4 Qa1+ 26. Kg2 Qe5
27. Qa4 Rd2 28. Qg4+ Kh8 29. Qb4 Qd6 30. Qg4 Qd5+ 31. Kg1 Rb2 32. Bf1 Rb1 33.
Qf4 Qxb5 34. Qxf6+ Kg8 35. Qd8+ Kg7 36. Qd4+ f6 37. Qg4+ Kh8 38. Qh3 Qc4 39.
Qg2 e5 40. h4 e4 41. g4 b5 42. g5 fxg5 43. hxg5 b4 0-1

[Event "2007 U.S. Masters Championship"]
[Site "Hendersonville, NC"]
[Date "2007.03.17"]
[Round "7"]
[White "Orizondo, Hugo"]
[Black "Zorigt, Bayaraa"]
[Result "1-0"]
[WhiteElo "2153"]
[BlackElo "2196"]
[PlyCount "36"]
[EventDate "2007.03.10"]
[EventType "swiss"]
[EventRounds "9"]
[EventCountry "USA"]
[Source "Kevin Hyde"]
[SourceDate "2007.03.18"]

1. d4 Nf6 2. c4 e6 3. Nf3 b6 4. g3 Ba6 5. b3 Bb4+ 6. Bd2 Be7 7. Bg2 c6 8. O-O
d5 9. Qc2 O-O 10. Rd1 Nbd7 11. Bf4 Rc8 12. Nc3 dxc4 13. e4 Nh5 14. Be3 Qc7 15.
Nd2 e5 16. Nxc4 exd4 17. Bxd4 Bc5 18. Be3 Rcd8 1-0

[Event "2007 U.S. Masters Championship"]
[Site "Hendersonville, NC"]
[Date "2007.03.17"]
[Round "7"]
[White "Christensen, Wayne"]
[Black "Balasubramanian, Adithya"]
[Result "1/2-1/2"]
[WhiteElo "2149"]
[BlackElo "2140"]
[PlyCount "68"]
[EventDate "2007.03.10"]
[EventType "swiss"]
[EventRounds "9"]
[EventCountry "USA"]
[Source "Kevin Hyde"]
[SourceDate "2007.03.18"]

1. d4 d6 2. Nf3 Nf6 3. g3 Nbd7 4. c4 e5 5. Bg2 Be7 6. Nc3 O-O 7. O-O c6 8. h3
Re8 9. e4 Qc7 10. Be3 a5 11. b3 a4 12. d5 axb3 13. axb3 Rxa1 14. Qxa1 cxd5 15.
Nxd5 Nxd5 16. cxd5 Nc5 17. Qc3 Na6 18. Qxc7 Nxc7 19. Rc1 Na6 20. Nd2 Bd7 21.
Nc4 Rc8 22. Nb6 Rxc1+ 23. Bxc1 Bb5 24. Ba3 Nc5 25. Bxc5 dxc5 26. Bf1 Bd8 27.
Bxb5 Bxb6 28. Kf1 Kf8 29. Ke2 Ke7 30. f3 Ba5 31. f4 Bc7 32. Kf3 Bd6 33. f5 Bc7
34. Ba4 Bd6 1/2-1/2

[Event "2007 U.S. Masters Championship"]
[Site "Hendersonville, NC"]
[Date "2007.03.17"]
[Round "7"]
[White "Pohl, Klaus A"]
[Black "Francisco, Richard"]
[Result "1-0"]
[WhiteElo "2215"]
[BlackElo "2234"]
[PlyCount "92"]
[EventDate "2007.03.10"]
[EventType "swiss"]
[EventRounds "9"]
[EventCountry "USA"]
[Source "Kevin Hyde"]
[SourceDate "2007.03.18"]

1. b4 d5 2. Bb2 Bg4 3. g3 c6 4. Bg2 Qb6 5. a3 a5 6. c3 e5 7. Nf3 Nd7 8. d3 f5
9. Nbd2 Ngf6 10. Qc2 e4 11. Nd4 c5 12. bxc5 Bxc5 13. Rb1 Rc8 14. Qb3 Bxd4 15.
Qxb6 Bxb6 16. dxe4 fxe4 17. h3 Bh5 18. Nf1 Ne5 19. Ne3 Nc4 20. Nxc4 Rxc4 21. e3
Bd4 22. exd4 Bf3 23. O-O Be2 24. Rfe1 Bd3 25. Rbd1 Rc6 26. Rd2 Rb6 27. a4 O-O
28. f3 Rc8 29. g4 Ne8 30. f4 Nd6 31. Rf2 Nc4 32. Bc1 Rb1 33. Ra2 Rb3 34. f5
Rxc3 35. Bf4 Ra3 36. Rea1 Rb3 37. h4 Rf8 38. Be5 Ne3 39. Bh3 Rc8 40. g5 Bb1 41.
f6 Rc1+ 42. Kh2 Rc6 43. Rf2 gxf6 44. gxf6 Kf7 45. Bd7 Rc2 46. Be8+ Kxe8 1-0

[Event "2007 U.S. Masters Championship"]
[Site "Hendersonville, NC"]
[Date "2007.03.17"]
[Round "7"]
[White "Warnk, Torsten"]
[Black "Holmes, Adam A"]
[Result "1/2-1/2"]
[WhiteElo "1996"]
[BlackElo "2027"]
[PlyCount "146"]
[EventDate "2007.03.10"]
[EventType "swiss"]
[EventRounds "9"]
[EventCountry "USA"]
[Source "Kevin Hyde"]
[SourceDate "2007.03.18"]

1. d4 Nf6 2. Nf3 e6 3. c4 c5 4. e3 d5 5. Nc3 a6 6. cxd5 exd5 7. dxc5 Bxc5 8.
Be2 Nc6 9. O-O O-O 10. a3 Bg4 11. h3 Bh5 12. b4 Ba7 13. Bb2 Qd6 14. Na4 Rad8
15. Nd4 Bb8 16. f4 Bxe2 17. Qxe2 Ne4 18. Nf5 Qg6 19. Qg4 Qxg4 20. hxg4 f6 21.
Rad1 Ba7 22. Nd4 Rfe8 23. Rfe1 Nd6 24. Kf2 Nc4 25. Bc1 Nxd4 26. exd4 Rxe1 27.
Kxe1 Re8+ 28. Kf2 b6 29. Nc3 Rd8 30. b5 axb5 31. Nxb5 Bb8 32. Re1 Kf7 33. f5
Nd6 34. Nc3 h5 35. Kf3 hxg4+ 36. Kxg4 Nc8 37. Kf3 Ne7 38. g4 Rh8 39. Na4 Rh3+
40. Kf2 Nc6 41. Be3 Bg3+ 42. Kg2 Bxe1 43. Kxh3 Ba5 44. Kg3 Na7 45. Nb2 Nb5 46.
a4 Nc3 47. Kf3 Ke7 48. Bf4 Kd7 49. Be3 b5 50. axb5 Nxb5 51. Na4 Kc6 52. Nc5 Nc7
53. Bf4 Ne8 54. Ke3 Bb4 55. Ne6 Kd7 56. Kd3 Ke7 57. Nc5 Kf7 58. Na4 Ba5 59. Nc3
Bxc3 60. Kxc3 g6 61. fxg6+ Kxg6 62. Kb4 Ng7 63. Kb5 Ne6 64. Be3 f5 65. gxf5+
Kxf5 66. Kb4 Ke4 67. Bf2 Nxd4 68. Ka3 Kd3 69. Kb2 Nf5 70. Bc5 Nd4 71. Bb6 Kc4
72. Kc1 Nb3+ 73. Kc2 Nc5 1/2-1/2

[Event "2007 U.S. Masters Championship"]
[Site "Hendersonville, NC"]
[Date "2007.03.18"]
[Round "8"]
[White "Ehlvest, Jaan"]
[Black "Burnett, Ronald W"]
[Result "1-0"]
[WhiteElo "2675"]
[BlackElo "2423"]
[PlyCount "48"]
[EventDate "2007.03.10"]
[EventType "swiss"]
[EventRounds "9"]
[EventCountry "USA"]
[Source "Kevin Hyde"]
[SourceDate "2007.03.18"]

1. d4 Nf6 2. c4 e6 3. Nf3 b6 4. g3 Bb7 5. Bg2 Be7 6. Nc3 O-O 7. O-O Ne4 8. Qc2
Nxc3 9. Qxc3 Bf6 10. Qc2 d5 11. cxd5 exd5 12. Bf4 Na6 13. Rfd1 Qe7 14. h4 h6
15. Rac1 Rfe8 16. e3 c5 17. b3 Nb4 18. Qd2 a5 19. Be5 Bxe5 20. Nxe5 cxd4 21.
exd4 Rac8 22. Bh3 Rxc1 23. Rxc1 Qd6 24. Qf4 Re7 1-0

[Event "2007 U.S. Masters Championship"]
[Site "Hendersonville, NC"]
[Date "2007.03.18"]
[Round "8"]
[White "Aleskerov, Faik"]
[Black "Robson, Ray S"]
[Result "1-0"]
[WhiteElo "2325"]
[BlackElo "2330"]
[PlyCount "54"]
[EventDate "2007.03.10"]
[EventType "swiss"]
[EventRounds "9"]
[EventCountry "USA"]
[Source "Kevin Hyde"]
[SourceDate "2007.03.18"]

1. d4 d5 2. Nf3 Nf6 3. e3 c5 4. c3 Nc6 5. Nbd2 g6 6. Bd3 Nd7 7. e4 dxe4 8. Nxe4
cxd4 9. Qe2 Qc7 10. cxd4 Bg7 11. d5 Nce5 12. Nxe5 Nxe5 13. Bb5+ Bd7 14. d6 Qa5+
15. Nc3 O-O 16. dxe7 Rfe8 17. Bxd7 Rxe7 18. O-O Rxd7 19. Ne4 Nc6 20. Qf3 Qe5
21. Bg5 f5 22. Nc3 Nd4 23. Qh3 Ne6 24. Be3 Rd3 25. Qf3 f4 26. Qxb7 Re8 27. Bxa7
f3 1-0

[Event "2007 U.S. Masters Championship"]
[Site "Hendersonville, NC"]
[Date "2007.03.18"]
[Round "8"]
[White "Gulamali, Kazim"]
[Black "Simpson, Ronald"]
[Result "1-0"]
[WhiteElo "2397"]
[BlackElo "2316"]
[PlyCount "77"]
[EventDate "2007.03.10"]
[EventType "swiss"]
[EventRounds "9"]
[EventCountry "USA"]
[Source "Kevin Hyde"]
[SourceDate "2007.03.18"]

1. Nf3 d5 2. d4 Nf6 3. c4 e6 4. Nc3 c6 5. e3 Nbd7 6. Qc2 Bd6 7. g4 Bb4 8. Bd3
e5 9. g5 e4 10. gxf6 Nxf6 11. Be2 exf3 12. Bxf3 dxc4 13. Bd2 O-O 14. O-O-O Bg4
15. Bxg4 Nxg4 16. Qf5 Qc8 17. Qf4 Nf6 18. e4 Qg4 19. f3 Qxf4 20. Bxf4 Rfd8 21.
Rhg1 Rd7 22. Bg5 Ne8 23. d5 Bxc3 24. dxc6 Rxd1+ 25. Rxd1 Ba5 26. cxb7 Rb8 27.
Rd7 Bc7 28. Kc2 h6 29. Be3 g5 30. Bf2 Kg7 31. Bd4+ Kg6 32. Re7 Rd8 33. Bxa7 Bd6
34. Bb6 Bxe7 35. Bxd8 Bd6 36. a4 Bxh2 37. a5 Bb8 38. a6 Ba7 39. Bb6 1-0

[Event "2007 U.S. Masters Championship"]
[Site "Hendersonville, NC"]
[Date "2007.03.18"]
[Round "8"]
[White "Smith, Bryan G"]
[Black "Cao, Tony"]
[Result "1-0"]
[WhiteElo "2444"]
[BlackElo "2173"]
[PlyCount "143"]
[EventDate "2007.03.10"]
[EventType "swiss"]
[EventRounds "9"]
[EventCountry "USA"]
[Source "Kevin Hyde"]
[SourceDate "2007.03.18"]

1. e4 c5 2. Nc3 Nc6 3. Nge2 d6 4. d4 cxd4 5. Nxd4 Nf6 6. f3 Qb6 7. Nb3 e6 8.
Bg5 a6 9. Qd2 Be7 10. O-O-O Qc7 11. Kb1 b5 12. Bxb5 axb5 13. Nxb5 Qb8 14. Nxd6+
Bxd6 15. Qxd6 Qxd6 16. Rxd6 Ne5 17. Bf4 Ned7 18. c4 e5 19. Be3 Bb7 20. Rhd1 Ke7
21. Nc5 Bc8 22. b4 Rb8 23. Nxd7 Rxb4+ 24. Ka1 Nxd7 25. Rxd7+ Bxd7 26. Bc5+ Kd8
27. Bxb4 Kc8 28. Rd5 f6 29. Kb2 Re8 30. Kc3 Re6 31. Rd6 Re8 32. c5 Re6 33. c6
Rxd6 34. Bxd6 Bxc6 35. Bf8 g6 36. Bg7 f5 37. exf5 gxf5 38. Bxe5 Kd7 39. Kd4 Ke6
40. Bb8 Ba4 41. Kc5 Bd1 42. Kd4 Ba4 43. Ke3 Bb5 44. Kf4 Kf6 45. g4 fxg4 46.
Kxg4 Bd7+ 47. Kf4 Bc6 48. Ke3 Kf5 49. f4 Bb5 50. Kd4 Bd7 51. Kc5 Ke6 52. Be5
Be8 53. Bb2 Kf5 54. Be5 Ke6 55. Kb4 Kd5 56. a4 Bd7 57. a5 Kc6 58. Bd4 Bc8 59.
Bf2 Bf5 60. a6 Be4 61. Be3 Kd6 62. Kb5 Kc7 63. Kc5 Kd7 64. Kd4 Ba8 65. Ke5 Ke7
66. f5 Kf7 67. Bd4 Bf3 68. Kd6 Be4 69. f6 Bf3 70. Kc7 Ke6 71. a7 Bg2 72. Kb8
1-0

[Event "2007 U.S. Masters Championship"]
[Site "Hendersonville, NC"]
[Date "2007.03.18"]
[Round "8"]
[White "Potter, John Russell"]
[Black "Andrews, Todd D"]
[Result "0-1"]
[WhiteElo "2233"]
[BlackElo "2366"]
[PlyCount "72"]
[EventDate "2007.03.10"]
[EventType "swiss"]
[EventRounds "9"]
[EventCountry "USA"]
[Source "Kevin Hyde"]
[SourceDate "2007.03.18"]

1. d4 Nf6 2. c4 c5 3. Nf3 cxd4 4. Nxd4 e5 5. Nb5 d5 6. cxd5 Bc5 7. N1c3 O-O 8.
g3 Bd7 9. Na3 Ng4 10. e3 Qf6 11. Ne4 Bb4+ 12. Bd2 Bxd2+ 13. Kxd2 Qd8 14. Qe2
Qb6 15. Rb1 Bf5 16. f3 Qb4+ 17. Kc1 Bxe4 18. fxe4 Rc8+ 19. Nc2 Qxe4 20. Bg2 Qa4
21. Bh3 h5 22. Bxg4 hxg4 23. h3 Na6 24. a3 Nc5 25. hxg4 Qe4 26. Rh2 Nb3+ 27.
Kd1 Rc5 28. Qg2 Qxg4+ 29. Ke1 Rac8 30. Nb4 Rc1+ 31. Rxc1 Rxc1+ 32. Kf2 Rd1 33.
Qh3 Rd2+ 34. Kg1 Qd1+ 35. Qf1 Qxf1+ 36. Kxf1 Rxh2 0-1

[Event "2007 U.S. Masters Championship"]
[Site "Hendersonville, NC"]
[Date "2007.03.18"]
[Round "8"]
[White "Nagle, Sean M"]
[Black "Jones, Craig W"]
[Result "1/2-1/2"]
[WhiteElo "2432"]
[BlackElo "2263"]
[PlyCount "52"]
[EventDate "2007.03.10"]
[EventType "swiss"]
[EventRounds "9"]
[EventCountry "USA"]
[Source "Kevin Hyde"]
[SourceDate "2007.03.18"]

1. Nf3 Nf6 2. c4 c5 3. Nc3 Nc6 4. g3 g6 5. Bg2 Bg7 6. d4 cxd4 7. Nxd4 Nxd4 8.
Qxd4 d6 9. O-O O-O 10. Qd3 Qa5 11. Nb5 a6 12. Bd2 Qd8 13. Nc3 Be6 14. b3 Rb8
15. Rac1 Nd7 16. e4 Nc5 17. Qe2 Qd7 18. Nd5 Bxd5 19. exd5 Rfc8 20. b4 Na4 21.
Rc2 Qf5 22. Re1 Bb2 23. Be4 Qf6 24. Rb1 Bc3 25. Rbc1 Bb2 26. Rb1 Bc3 1/2-1/2

[Event "2007 U.S. Masters Championship"]
[Site "Hendersonville, NC"]
[Date "2007.03.18"]
[Round "8"]
[White "Fouts, Matthew"]
[Black "Panjwani, Raja D"]
[Result "0-1"]
[WhiteElo "2043"]
[BlackElo "2213"]
[PlyCount "74"]
[EventDate "2007.03.10"]
[EventType "swiss"]
[EventRounds "9"]
[EventCountry "USA"]
[Source "Kevin Hyde"]
[SourceDate "2007.03.18"]

1. e4 e5 2. Bc4 Nf6 3. d3 Nc6 4. Nf3 h6 5. c3 d6 6. Bb3 g6 7. h3 Bg7 8. Be3 O-O
9. Nbd2 Kh8 10. g4 Nd7 11. Nf1 Nc5 12. Bxc5 dxc5 13. Qe2 a5 14. a4 Qd6 15. Ne3
Nd8 16. O-O Be6 17. Bc4 Bxc4 18. Nxc4 Qe7 19. Qe3 Nc6 20. Kg2 b6 21. Nh2 Nd8
22. Qg3 Ne6 23. Nxe5 g5 24. Nc4 Nf4+ 25. Kh1 Rad8 26. Rfd1 Rd7 27. Rd2 Rfd8 28.
Rad1 Rxd3 29. Rxd3 Nxd3 30. Rxd3 Qxe4+ 31. Rf3 Rd1+ 32. Kg2 Qe1 33. h4 Qh1+ 34.
Kh3 Rg1 35. Rxf7 Rxg3+ 36. fxg3 Qd5 37. Rxc7 Qxc4 0-1

[Event "2007 U.S. Masters Championship"]
[Site "Hendersonville, NC"]
[Date "2007.03.18"]
[Round "8"]
[White "Pupols, Viktors"]
[Black "Orizondo, Hugo"]
[Result "1-0"]
[WhiteElo "2240"]
[BlackElo "2153"]
[PlyCount "65"]
[EventDate "2007.03.10"]
[EventType "swiss"]
[EventRounds "9"]
[EventCountry "USA"]
[Source "Kevin Hyde"]
[SourceDate "2007.03.18"]

1. d4 d5 2. c4 e6 3. Nc3 Nf6 4. Bg5 Be7 5. e3 O-O 6. Nf3 Nbd7 7. Qc2 c5 8. cxd5
Nxd5 9. Bxe7 Qxe7 10. Nxd5 exd5 11. dxc5 Nxc5 12. Bd3 g6 13. Rc1 b6 14. O-O Bg4
15. Nd4 Rac8 16. h3 Bd7 17. Rfd1 Qg5 18. Nf3 Qf6 19. Qc3 Qxc3 20. Rxc3 Na4 21.
Rxc8 Rxc8 22. Rd2 Rc1+ 23. Kh2 Kf8 24. Kg3 Ke7 25. Kf4 f6 26. h4 Ra1 27. a3 Nc5
28. Nd4 Rc1 29. Kg3 Kd6 30. f3 Re1 31. Be2 Ke5 32. e4 Ne6 33. Nc2 1-0

[Event "2007 U.S. Masters Championship"]
[Site "Hendersonville, NC"]
[Date "2007.03.18"]
[Round "8"]
[White "Pohl, Klaus A"]
[Black "Dana, Maurice"]
[Result "1-0"]
[WhiteElo "2215"]
[BlackElo "2205"]
[PlyCount "101"]
[EventDate "2007.03.10"]
[EventType "swiss"]
[EventRounds "9"]
[EventCountry "USA"]
[Source "Kevin Hyde"]
[SourceDate "2007.03.18"]

1. b4 e5 2. a3 a5 3. b5 Bc5 4. Bb2 Nf6 5. e3 Qe7 6. Nf3 d6 7. Be2 Bb6 8. c4 Bg4
9. Nc3 O-O 10. O-O Nbd7 11. Na4 Ba7 12. Nh4 Be6 13. Nf3 Bg4 14. Rc1 e4 15. Nd4
Ne5 16. b6 Bxb6 17. Nxb6 cxb6 18. f3 exf3 19. Nxf3 Nxf3+ 20. Bxf3 Bxf3 21. Qxf3
Ne4 22. d3 Nc5 23. e4 Rae8 24. Qg3 f6 25. Rf5 Nd7 26. Bd4 Rc8 27. Rcf1 b5 28.
Rxb5 Nc5 29. Rfb1 Rf7 30. Rxa5 f5 31. exf5 Rxf5 32. Re1 Rcf8 33. h3 Qd7 34. Rb5
R5f7 35. Qe3 Na6 36. Qe4 Rf4 37. Qd5+ Kh8 38. Rxb7 Nc7 39. Ba7 R4f7 40. Qe4 h6
41. Bb6 d5 42. cxd5 Qd6 43. Bxc7 Rxc7 44. Rxc7 Qxc7 45. Qe7 Qf4 46. d6 Qd4+ 47.
Kh1 Rf6 48. d7 Rd6 49. Qf8+ Kh7 50. Qf5+ Rg6 51. Re6 1-0

[Event "2007 U.S. Masters Championship"]
[Site "Hendersonville, NC"]
[Date "2007.03.18"]
[Round "8"]
[White "Zorigt, Bayaraa"]
[Black "Ho, Conrad"]
[Result "1-0"]
[WhiteElo "2196"]
[BlackElo "2201"]
[PlyCount "117"]
[EventDate "2007.03.10"]
[EventType "swiss"]
[EventRounds "9"]
[EventCountry "USA"]
[Source "Kevin Hyde"]
[SourceDate "2007.03.18"]

1. e4 e6 2. d4 d5 3. Nd2 c5 4. exd5 Qxd5 5. Ngf3 cxd4 6. Bc4 Qd6 7. O-O Nf6 8.
Nb3 Nc6 9. Nbxd4 Nxd4 10. Nxd4 a6 11. c3 Qc7 12. Bb3 Bd6 13. h3 O-O 14. Bg5
Bh2+ 15. Kh1 Bf4 16. Bh4 b6 17. Qe2 Re8 18. Bc2 Bb7 19. Bxf6 gxf6 20. Be4 Bxe4
21. Qxe4 f5 22. Qf3 Be5 23. Rad1 Rac8 24. Qe2 Ra8 25. Rfe1 Bf6 26. Qf3 Rac8 27.
g4 Bxd4 28. Rxd4 Qc6 29. Qxc6 Rxc6 30. gxf5 Rc5 31. fxe6 fxe6 32. Rd6 Rf8 33.
Re2 Rg5 34. Rdxe6 Rf3 35. R6e3 Rff5 36. Kh2 a5 37. Rg3 Kf7 38. Rge3 h5 39. Re7+
Kf8 40. R7e3 Kf7 41. Rg3 Rc5 42. Rxg5 Rxg5 43. f4 Rg8 44. Re5 h4 45. a4 Rd8 46.
Rb5 Rd2+ 47. Kg1 Kf6 48. b4 axb4 49. cxb4 Ra2 50. Rxb6+ Kf5 51. a5 Kxf4 52. a6
Kf3 53. Rf6+ Ke3 54. b5 Ra1+ 55. Rf1 Ra2 56. Rb1 Kf3 57. Rb3+ Ke4 58. b6 Rxa6
59. b7 1-0